Countries With Only Yellow, Red and Blue in their Flags - Statistics

General Stats
  • This quiz has been taken 59 times
  • The average score is 5 of 9
Answer Stats
Answer % Correct
Romania
90%
Chad
79%
Colombia
65%
Moldova
65%
Andorra
58%
Ecuador
56%
Armenia
48%
Democratic Rep. of Congo
27%
Mongolia
25%
No matching quizzes found
Score Distribution
Percent of People with Each Score
Percentile by Number Answered
Your Score History
You have not taken this quiz